La intervención del sindicato en el proceso de trabajo

שמור ב:
מידע ביבליוגרפי
מחבר ראשי: Ortiz Lallana, María Carmen (autora)
פורמט: ספר
שפה:ספרדית
יצא לאור: Madrid Consejo Económico y Social 1994
מהדורה:1a. ed
סדרה:Colección Estudios, 7
נושאים:
תגים: הוספת תג
אין תגיות, היה/י הראשונ/ה לתייג את הרשומה!

MARC

LEADER 00000nam a2200000 a 4500
001 UCK4609
003 CL-VaPUC
008 050617e19940000SP |||||||||||||||||spa|d
020 |a 8481880043 
082 0 4 |a 344.4601  |b ORT  |2 21 
100 |a Ortiz Lallana, María Carmen  |e autora  |9 493180 
245 1 3 |a La intervención del sindicato en el proceso de trabajo 
250 |a 1a. ed 
300 |a 271 p 
942 |c BK 
945 |d 20050617 00:00:00  |a cmena 
260 |a Madrid  |b Consejo Económico y Social  |c 1994 
650 7 |a DERECHO LABORAL  |2 CL-VaPUC  |9 15 
650 0 |a Negociación colectiva  |9 312433 
650 0 |a Sindicatos  |9 255034 
650 0 |a Jurisprudencia  |9 255952 
650 0 |a Relaciones laborales   |9 335971 
650 0 |a Derecho comparado  |9 255664 
650 7 |a DISCRIMINACION LABORAL  |2 CL-VaPUC  |9 410817 
651 0 |a España  |9 254926 
583 |a last modification  |c 20170731 10:30:44  |k Rodrigo Vera 
490 0 |a Colección Estudios, 7 
999 |c 313434  |d 313432 
952 |0 0  |1 0  |4 0  |6 344_460100000000000_ORT_1994  |7 0  |8 A  |9 384768  |a BIBGIM  |b BIBGIM  |d 2019-11-22  |i 4139194  |o 344.4601 ORT 1994  |p 4139194  |r 2025-01-15  |w 2019-11-22  |y BK  |k GIM